Programmable Controllers (Record no. 245371)

MARC details
000 -LEADER
fixed length control field 00463nam a2200193Ia 4500
008 - FIXED-LENGTH DATA ELEMENTS--GENERAL INFORMATION
fixed length control field 240913s9999||||xx |||||||||||||| ||und||
020 ## - INTERNATIONAL STANDARD BOOK NUMBER
International Standard Book Number 0-7506-5757-X
082 ## - DEWEY DECIMAL CLASSIFICATION NUMBER
-- 005.133 P3
100 ## - MAIN ENTRY--PERSONAL NAME
Personal name Parr E A
245 #0 - TITLE STATEMENT
Title Programmable Controllers
250 ## - EDITION STATEMENT
Edition statement 3rd
260 ## - PUBLICATION, DISTRIBUTION, ETC. (IMPRINT)
Date of publication, distribution, etc 2002
Name of publisher, distributor, etc Newnes,O
Place of publication, distribution, etc Oxford
500 ## - GENERAL NOTE
General note REFERENCE
650 ## - SUBJECT ADDED ENTRY--TOPICAL TERM
Topical term or geographic name as entry element Programming
942 ## - ADDED ENTRY ELEMENTS (KOHA)
Item type Reference
Holdings
Withdrawn status Lost status Damaged status Permanent location Current location Shelving location Date acquired Source of acquisition Cost, normal purchase price Full call number Barcode Date last seen Koha item type
      CENTRAL LIBRARY, NOORUL ISLAM CENTRE FOR HIGHER EDUCATION CENTRAL LIBRARY, NOORUL ISLAM CENTRE FOR HIGHER EDUCATION   08/16/2004 Sudarsan Books 3020.00 005.133 P3 22300 09/13/2024 Reference
Visitors:
Copyright © 2024 Central Library NICHE.  All rights reserved.